Mediator (Record no. 891)

MARC details
000 -LEADER
fixed length control field 00568nam a2200229 a 4500
020 ## - INTERNATIONAL STANDARD BOOK NUMBER
ISBN
082 00 - DEWEY DECIMAL CLASSIFICATION NUMBER
Classification number 232.3
Author Cutter BRU
100 ## - MAIN ENTRY--AUTHOR NAME
Author name Brunner, Emil
245 ## - TITLE STATEMENT
Title Mediator
Sub title Study of the Central Doctrine of the Christian Faith
260 ## - PUBLICATION, DISTRIBUTION, ETC. (IMPRINT)
Place of publication London
Name of publisher Lutterworth Press
Year of publication 1963
300 ## - PHYSICAL DESCRIPTION
Number of Pages 623
500 ## - GENERAL NOTE
General note includes index and biblioraphy
505 2# - FORMATTED CONTENTS NOTE
Formatted contents note Index
650 ## - SUBJECT ADDED ENTRY--TOPICAL TERM
Topical Term Atonement
942 ## - ADDED ENTRY ELEMENTS (KOHA)
Koha item type Books
Holdings
Collection code Home library Current library Date acquired Cost, normal purchase price Full call number Accession Number Koha item type
  Henry Martyn Institute Library Henry Martyn Institute Library 06/18/2007 1932.00 232.3 BRU 02820 Books
                   Copyright © 2026 | Henry Martyn Institute | Hyderabad | TS-500052 | INDIA | Implemented by hmi.edu.in
Hit-Count:

Powered by Koha